000
00308nam a2200109Ia 4500
008
201216s9999 xx 000 0 und d
100
_a
Fenton, Steve, Reiner, Robert and Hamnett, Ian
245
0
_a
Durkheim and Modern Sociology
260
_a
Cambridge
_b
Cambridge University Press
300
_a
276
942
_c
BK
999
_c
6596
_d
6596